The Bushes : Portrait of a dynasty
Zapisane w:
| 1. autor: | |
|---|---|
| Format: | Książka |
| Język: | Undetermined |
| Wydane: |
New York
Random House Audio
2004
|
| Hasła przedmiotowe: | |
| Etykiety: |
Dodaj etykietę
Nie ma etykietki, Dołącz pierwszą etykiete!
|
| Thư viện lưu trữ: | Trung tâm Học liệu Trường Đại học Cần Thơ |
|---|
| LEADER | 00610nam a2200205Ia 4500 | ||
|---|---|---|---|
| 001 | CTU_219398 | ||
| 008 | 210402s9999 xx 000 0 und d | ||
| 082 | |a 428.24 | ||
| 082 | |b S413/CD.5 | ||
| 100 | |a Schweizer, Peter | ||
| 245 | 4 | |a The Bushes : | |
| 245 | 0 | |b Portrait of a dynasty | |
| 245 | 0 | |c Peter Schweizer, Rochelle Schweizer, Harry Chase | |
| 260 | |a New York | ||
| 260 | |b Random House Audio | ||
| 260 | |c 2004 | ||
| 650 | |a English language,Ngôn ngữ Anh | ||
| 650 | |x Study and teaching,Học và dạy | ||
| 904 | |i Tuyến | ||
| 980 | |a Trung tâm Học liệu Trường Đại học Cần Thơ | ||